| 000 | 00705nam a2200229Ia 4500 | ||
|---|---|---|---|
| 003 | GCL | ||
| 008 | 140319s9999 xx 000 0 ara d | ||
| 040 |
_aGCL / _cGCL |
||
| 082 | 0 | 4 |
_a811.9 _bج ا |
| 100 | 1 | _aجودت فخرالدين | |
| 245 | 1 | 0 |
_aالايقاع والزمان ( كتابات فى نقد الشعر ) / _cجودت فخرالدين |
| 260 |
_a[S.N] : _bدار الحرف العربى ، _c1995 |
||
| 300 | _a189 ص | ||
| 490 | _a | ||
| 650 | 0 | 4 | _aالشعر العربى |
| 650 | 0 | 4 | _aالعصر الحديث |
| 650 | 0 | 4 | _aالنقد |
| 650 | 0 | 4 | _aالاوزان الشعرية |
| 650 | 0 | 4 | _aالبلاغة العربية |
| 650 | 0 | 4 | _aتاريخ ونقد |
| 942 |
_2ddc _cBK |
||
| 999 |
_c37395 _d37395 |
||